Kevutsat Ayalah : (Record no. 34100)

MARC details
000 -LEADER
fixed length control field 00586cam a22002291a 4500
001 - CONTROL NUMBER
control field he 68004442
003 - CONTROL NUMBER IDENTIFIER
control field DLC
005 - DATE AND TIME OF LATEST TRANSACTION
control field 20260227111508.0
008 - FIXED-LENGTH DATA ELEMENTS--GENERAL INFORMATION
fixed length control field 920624s1967 is a 000 0 hebr
010 ## - LIBRARY OF CONGRESS CONTROL NUMBER
LC control number he 68004442
035 ## - SYSTEM CONTROL NUMBER
System control number (OCoLC)26079570
040 ## - CATALOGING SOURCE
Original cataloging agency DLC
Transcribing agency CLU
Modifying agency DLC
042 ## - AUTHENTICATION CODE
Authentication code premarc
050 00 - LIBRARY OF CONGRESS CALL NUMBER
Classification number PZ90.H3
Item number K4
110 1# - MAIN ENTRY--CORPORATE NAME
Corporate name or jurisdiction name as entry element Yifʻat (Israel)
245 10 - TITLE STATEMENT
Title Kevutsat Ayalah :
Remainder of title maḥzor 19.
260 ## - PUBLICATION, DISTRIBUTION, ETC.
Place of publication, distribution, etc. [Yifʻat?,
Date of publication, distribution, etc. 1967]
300 ## - PHYSICAL DESCRIPTION
Extent 24 p. :
Other physical details ill. ;
Dimensions 25 cm.
500 ## - GENERAL NOTE
General note Cover title.
500 ## - GENERAL NOTE
General note Partially vocalized.
650 #0 - SUBJECT ADDED ENTRY--TOPICAL TERM
Topical term or geographic name entry element Children's stories, Hebrew.

No items available.

Powered by Koha